000 00962nam a22002771a 4500
001 12767
003 BD-RjUL
005 20211208235343.0
008 140129s1967 njuab b 100 0 eng
035 _a(BD-RjUL)12817
040 _aDLC
_cDLC
_dDLC
_dBD-RjUL
_beng
041 _aeng
082 0 0 _223
_a305.8
_bSOU 1967
245 1 0 _aSoutheast Asian tribes, minorities, and nations /
_cedited by Peter Kunstadter
260 _aPrinceton, N.J. :
_bPrinceton University Press,
_c1967.
300 _av. :
_bill. ;
_c24 cm.
504 _aIncludes bibliographies.
505 _aVol. 1-- V. 2--
650 0 _aMinorities
_zSoutheast Asia.
_939768
650 0 _aMinorities
_zChina.
_939769
650 0 _aMinorities
_zIndia.
_939770
700 1 _aKunstadter, Peter.
_eed.
_939771
710 2 _aWoodrow Wilson School of Public and International Affairs.
_bCenter of International Studies.
_99882
710 2 _aAmerican Anthropological Association.
_939772
942 _2ddc
_cBK
999 _c12767
_d12767